Miasta w Uni Europejskiej z populacją powyżej miliona - Statystyki

Ogólne statystyki
  • Ten quiz został rozwiązany 63 razy
  • Średni wynik to 14 z 15
Statystyki odpowiedzi
państwo populacja odpowiedź % Poprawnych
Hiszpania 1,620 mln Barcelona
100%
Niemcy 3,878 mln Berlin
100%
Węgry 1,749 mln Budapeszt
100%
Hiszpania 3,182 mln Madryt
100%
Czechy 1,384 mln Praga
100%
Włochy 2,865 mln Rzym
100%
Polska 1,862 mln Warszawa
100%
Austria 1,888 mln Wiedeń
100%
Rumunia 1,877 mln Bukareszt
98%
Francja 2,206 mln Paryż
98%
Włochy 1,372 mln Mediolan
95%
Bułgaria 1,290 mln Sofia
95%
Niemcy 1,456 mln Monachium
94%
Niemcy 1,830 mln Hamburg
85%
Niemcy 1,080 mln Kolonia
69%
Nie znaleziono quizów pasujących do podanych kryteriów
Rozkład punktacji
Procent ludzi z każdym wynikiem
Percentyl według liczby udzielonych odpowiedzi
Twoja historia wyników
Nie rozwiązałeś tego quizu